00321nam a2200121Ia 4500008004100000041000800041082001700049100001700066245004500083260005100128300001300179365000700192240624s9999 xx 000 0 und d aeng a658.4063 ARI aARIKAN LACIN aIMPACT OF INNOVATION ON BUSINESS PERFORM c2010aGermanybLap Lambert Academic Publishing a140 : p. cRS